000 00822nam a2200217Ia 4500
003 GCL
008 140319s9999 xx 000 0 ara d
040 _aGCL /
_cGCL
082 0 4 _a231
_bص م
100 1 _aابن الصلاح : تقى الدين ابوعمرو عثمان بن عبدالرحمن بن موسى الشهرزورى الدمشقى
245 1 0 _aمقدمة ابن الصلاح /
_cابن الصلاح : تقى الدين ابوعمرو عثمان بن عبدالرحمن بن موسى الشهرزورى الدمشقى
260 _a[S.N] :
_bمكتبة المتنبى
300 _a202 ص
490 _a
650 0 4 _aالاسلام
650 0 4 _aالحديث
650 0 4 _aالاحكام الشرعية
650 0 4 _aالاحكام
650 0 4 _aعلم رواية الحديث
942 _2ddc
_cBK
999 _c33029
_d33029